000 00626nam a2200253Ia 4500
005 20260121153802.0
008 008 260114s9999 xx 000 0 eng d
020 _a9780429238093
037 _aEBOOK
040 _aCRL
040 _beng
040 _cCRL
041 _2eng
041 _aeng
084 _qCRL
100 _aFlorence Kaslow
_9999098
245 0 _aHandbook of Family Business and Family Business Consultation
260 _bTaylor and Francis
260 _c2007
856 _uhttp://www.taylorfrancis.com/books/9780429238093
942 _cEBOOK
999 _c1565919
_d1565919